000 00206nam a2200097Ia 4500
008 190216s9999||||xx |||||||||||||| ||und||
100 _aY W A
245 0 _aC K Smaraka Grandam
260 _bNull
942 _cBK
999 _c23775
_d23775